Top 10 NBA Players By Division - Southwest - Statistics

General Stats
  • This quiz has been taken 46 times
  • The average score is 8 of 10
Answer Stats
# Answer % Correct
1 Luka Doncic
98%
3 Victor Wembanyama
98%
4 Ja Morant
95%
2 Kyrie Irving
95%
5 Zion Williamson
90%
10 Jalen Green
81%
6 Jaren Jackson Jr.
81%
9 Alperen Sengun
76%
8 Brandon Ingram
74%
7 Dejounte Murray
45%
No matching quizzes found
Score Distribution
Percent of People with Each Score
Percentile by Number Answered
Your Score History
You have not taken this quiz